<?xml version="1.0" encoding="UTF-8"?>
<record
    xmlns:xsi="http://www.w3.org/2001/XMLSchema-instance"
    xsi:schemaLocation="http://www.loc.gov/MARC21/slim http://www.loc.gov/standards/marcxml/schema/MARC21slim.xsd"
    xmlns="http://www.loc.gov/MARC21/slim">

  <leader>00680nam  22002173  4500</leader>
  <controlfield tag="001">202145</controlfield>
  <datafield tag="010" ind1=" " ind2=" ">
    <subfield code="a">2.7144.2678.6</subfield>
  </datafield>
  <datafield tag="090" ind1=" " ind2=" ">
    <subfield code="a">202145</subfield>
  </datafield>
  <datafield tag="100" ind1=" " ind2=" ">
    <subfield code="a">20230112d        u||y0pory50      ba</subfield>
  </datafield>
  <datafield tag="200" ind1=" " ind2=" ">
    <subfield code="a">Lusitania</subfield>
    <subfield code="f">Almeida Faria</subfield>
    <subfield code="g">traduit du portugais par Maryvonne Bouday, Anne-Marie Quint</subfield>
  </datafield>
  <datafield tag="210" ind1=" " ind2=" ">
    <subfield code="a">Paris</subfield>
    <subfield code="c">Pierre Belfon</subfield>
    <subfield code="d">cop.1991</subfield>
  </datafield>
  <datafield tag="215" ind1=" " ind2=" ">
    <subfield code="a">176, [3] p.</subfield>
    <subfield code="c">brochado</subfield>
    <subfield code="d">23 cm</subfield>
  </datafield>
  <datafield tag="606" ind1=" " ind2=" ">
    <subfield code="a">Literatura Portuguesa</subfield>
    <subfield code="9">6</subfield>
  </datafield>
  <datafield tag="610" ind1=" " ind2=" ">
    <subfield code="a">Em L&#xED;ngua Francesa </subfield>
  </datafield>
  <datafield tag="675" ind1=" " ind2=" ">
    <subfield code="a">821.134.3-3</subfield>
    <subfield code="v">FR</subfield>
    <subfield code="z">fra</subfield>
  </datafield>
  <datafield tag="700" ind1=" " ind2=" ">
    <subfield code="9">1040</subfield>
    <subfield code="a">Faria</subfield>
    <subfield code="b">Almeida</subfield>
    <subfield code="f">1943-</subfield>
  </datafield>
  <datafield tag="702" ind1=" " ind2=" ">
    <subfield code="9">17286</subfield>
    <subfield code="a">Boudoy</subfield>
    <subfield code="b">Maryvonne</subfield>
  </datafield>
  <datafield tag="702" ind1=" " ind2=" ">
    <subfield code="9">17287</subfield>
    <subfield code="a">Quint</subfield>
    <subfield code="b">Anne-Marie</subfield>
  </datafield>
  <datafield tag="801" ind1=" " ind2=" ">
    <subfield code="a">PT</subfield>
    <subfield code="b">BMMN</subfield>
    <subfield code="g">RPC</subfield>
  </datafield>
  <datafield tag="830" ind1=" " ind2=" ">
    <subfield code="c">Ana Falardo</subfield>
    <subfield code="f">Ana Falardo</subfield>
  </datafield>
  <datafield tag="990" ind1=" " ind2=" ">
    <subfield code="c">LIVROS</subfield>
  </datafield>
  <datafield tag="995" ind1=" " ind2=" ">
    <subfield code="0">0</subfield>
    <subfield code="2">0</subfield>
    <subfield code="5">2026-05-12</subfield>
    <subfield code="9">31856</subfield>
    <subfield code="b">BMMN</subfield>
    <subfield code="f">31576</subfield>
    <subfield code="k">821.134.3-3 FAR|SAF</subfield>
    <subfield code="o">0</subfield>
    <subfield code="r">LIVROS</subfield>
    <subfield code="u">Acesso Condicionado</subfield>
    <subfield code="s">Oferta</subfield>
  </datafield>
</record>
